Rhino and Tapir Countries Quiz Stats

 Plays Quiz not verified by Sporcle

Challenge
Share
Tweet
Embed
Score 0/52 Timer 05:00
0 Plays Today
% Correct
Kenya
94.2%
Kenya
94.2%
South Africa
93.1%
South Africa
93.1%
India
92.8%
Indonesia
92.4%
Indonesia
92.4%
Brazil
91.4%
Malaysia
89%
Malaysia
89%
Peru
88%
Peru
88%
Argentina
87.3%
Tanzania
85.6%
Thailand
85.6%
Bolivia
85.2%
Paraguay
84.9%
Zimbabwe
84.5%
Zimbabwe
84.5%
Colombia
84.5%
Colombia
84.5%
Colombia
84.5%
Ecuador
84.2%
Panama
84.2%
Ecuador
84.2%
Namibia
83.8%
% Correct
Democratic Republic of the Congo
83.8%
Namibia
83.8%
Nepal
81.8%
Venezuela
81.8%
Guyana
81.4%
Botswana
80.8%
Botswana
80.8%
Suriname
80.8%
Myanmar
80.4%
Zambia
80.1%
Zambia
80.1%
Vietnam
79.7%
Costa Rica
79.7%
Guatemala
79.7%
Nicaragua
79.4%
Mexico
79.4%
Belize
78.7%
Honduras
78.4%
Bhutan
77.7%
Ethiopia
74.2%
Rwanda
72.2%
Swaziland
71.8%
Swaziland
71.8%
Cameroon
61.9%
France (French Guiana)
54.6%
Cote d'Ivoire
27.1%

You're not logged in!

Compare scores with friends on all Sporcle quizzes.
OR
Log In

You Might Also Like...

Show Comments

Extras

Top Quizzes Today


Score Distribution

Your Account Isn't Verified!

In order to create a playlist on Sporcle, you need to verify the email address you used during registration. Go to your Sporcle Settings to finish the process.

Report this User

Report this user for behavior that violates our Community Guidelines.

Details: